"... y mi honda es la de david" /
Guardado en:
| Autor Principal: | |
|---|---|
| Formato: | Libro |
| Publicado: |
México :
Nuevo Mundo,
1959
|
| Edición: | 2a. ed. |
| Materias: | |
| Etiquetas: |
Agregar Etiqueta
Sin Etiquetas, Sea el primero en etiquetar este registro!
|
| LEADER | 00612nam a22002055a 4500 | ||
|---|---|---|---|
| 001 | EHU.bham045263 | ||
| 003 | AR-BHAM | ||
| 005 | 20180627134650.0 | ||
| 008 | 130507s1959##################000#0#####d | ||
| 082 | C | u | |a 864.3 |
| 100 | 1 | |a Martí, José | |
| 245 | 1 | 0 | |a "... y mi honda es la de david" / |c Ensayos De José Martí |
| 250 | |a 2a. ed. | ||
| 260 | |a México : |b Nuevo Mundo, |c 1959 | ||
| 300 | |a 145 p. | ||
| 653 | |a Literatura cubana | ||
| 653 | |a Ensayo cubano | ||
| 653 | |a Relaciones internacionales | ||
| 653 | |a México y estados unidos | ||
| 859 | |a AR-BHAM |b BIB. HUMANIDADES - General |h Cu864.3 |i M363-1 |k Cu |p 154.18 |t Ej.1 | ||
